000 00506nam a2200181Ia 4500
005 20250508162520.0
008 008 250505s9999 xx 000 0 eng d
037 _aReference
040 _aFEDL
_beng
_cFEDL
041 _aeng
_2eng
084 _a420.7, REA
_qFEDL
100 _aReader's Digest
245 0 _aHow to increase your word power
260 _aNew York, USA
_bThe Reader's Digest Assoication
_c1975
300 _a727p.
942 _cREF
_h420.7, REA
999 _c1377030
_d1377030